| 000 | 00726nam a22002417a 4500 | ||
|---|---|---|---|
| 003 | OSt | ||
| 005 | 20160716164521.0 | ||
| 008 | 160716b xxu||||| |||| 00| 0 eng d | ||
| 020 | _a978-1-111-74986-6 | ||
| 040 | _cLIC | ||
| 082 |
_22011 _aDC 004 _bC73 |
||
| 245 |
_aComputer fundamentals and logic formulation/ _cJoyce Farrell...[and four others]. |
||
| 250 | _aSecond Edition | ||
| 260 |
_aAustralia: _bCengage Learning Asia Pte Ltd, _cc2011. |
||
| 300 |
_a351 pages: _billustrations; _c24 cm. |
||
| 500 | _aIncludes index. | ||
| 650 | 0 |
_911631 _aComputers |
|
| 700 |
_911632 _aAnderson, Greg |
||
| 700 |
_911633 _aFerro, David |
||
| 700 |
_911634 _aHilton, Robert |
||
| 700 |
_911635 _aRoth, Charles H. |
||
| 942 |
_2ddc _cDC |
||
| 999 |
_c3486 _d3486 |
||